01711nam a2200409 a 4500001001000000003000500010005001700015008004100032010001100073011001100084040000900095090001000104100004500114245015900159260004100318500006000359502007700419590003700496590004100533590004000574590004000614590004000654650003200694650002900726650003400755650003500789650003300824700004000857856001600897856007000913901000700983942001000990942000601000999001901006952014001025952013601165000111975CHAP20220329144239.0151112s2015 mx a fsm |||||||spa d a108436 a109408 cCHAP aTesis1 aSánchez Marcelino, Juan José913004210aConcentración de N-NO3-YK+ en ECP y ELF en diferentes CEs en jitomate /h[En línea]cpor Juan José Sánchez Marcelino y Iván Andrade Hernández. aChapingo, Méx. :bEl autor,c2015. aPara ver el contenido del material haga clic en la liga aTesis (Ing. Agr. Esp. en Fitotecnia) -- UACH. Departamento de Fitotecnia aBATCHb00c20181121lUCH01h0758 aE11695DGDb10c20151114lUCH01h1150 aE6096MTMb05c20151112lUCH01h0909 aE6096MTMb05c20151112lUCH01h0911 aE6096MTMb05c20151112lUCH01h091414aElementos minerales.93625914aFertirrigación.94065214aSaviaxCirculación.910278614aSoluciones nutritivas.910852714aTomatexNutrición.91271511 aAndrade Hernández, Iván9130043 a1 n0000359 aFinding aiduhttp://10.13.5.2/tesis/sist111975.pdfzTeclea aquí aBK cTESIS n0 c108436d108436 00102local4053708TESISaBCbBCcPA_TESISd2015-11-12fTESISl0oTesisp33724002509413r2019-12-31 00:00:00tc.2w2019-12-31yTESIS 00104054718TESISaBCbBCd2015-11-12fTESISl0oTesisp33724002509454r2019-12-31 00:00:00w2019-12-31yTESISzRecien adquirido